[Event "Lille Luce op 5th"]
[Site "Lille"]
[Date "2014.04.28"]
[Round "1"]
[White "Bannink, Bernard"]
[Black "Manet, Anthony"]
[Result "1-0"]
[WhiteElo "2248"]
[BlackElo "1891"]
[PlyCount "73"]
[EventDate "2014.04.28"]
[EventType "swiss"]
[EventRounds "9"]
[EventCountry "FRA"]
[SourceTitle "CBM 160 Extra"]
[Source "ChessBase"]
[SourceDate "2014.07.01"]
[SourceVersion "1"]
[SourceVersionDate "2014.07.01"]
[SourceQuality "1"]

1. d4 d5 2. Nf3 Nf6 3. e3 Bf5 4. c4 c6 5. Nc3 e6 6. Nh4 Bg6 7. Qb3 Qc7 8. Nxg6 hxg6 9. g3 Nbd7 10. cxd5 exd5 11. Bd2 Nb6 12. Rc1 Qd8 13. Bg2 Bd6 14. 0-0 0-0 15. Ne2 Re8 16. Ba5 Ne4 17. a3 Bc7 18. Qc2 Nc4 19. Bxc7 Qxc7 20. Nc3 Nxc3 21. Qxc3 Nb6 22. b3 Qd7 23. a4 Nc8 24. b4 Nd6 25. Rfd1 a6 26. Rc2 Rac8 27. Rdc1 b5 28. axb5 axb5 29. Ra2 Nc4 30. Rca1 Rb8 31. Ra7 Rb7 32. Ra8 Reb8 33. e4 dxe4 34. Bxe4 Qc8 35. Rxb8 Rxb8 36. Bd3 Nb6 37. Qc5 1-0

[Event "Cappelle op 30th"]
[Site "Cappelle la Grande"]
[Date "2014.03.05"]
[Round "6"]
[White "Dumitrache, Dragos Nicolae"]
[Black "Manet, Anthony"]
[Result "1-0"]
[WhiteElo "2453"]
[BlackElo "1863"]
[PlyCount "113"]
[EventDate "2014.03.01"]
[EventType "swiss"]
[EventRounds "9"]
[EventCountry "FRA"]
[SourceTitle "CBM 159 Extra"]
[Source "ChessBase"]
[SourceDate "2014.04.24"]
[SourceVersion "1"]
[SourceVersionDate "2014.04.24"]
[SourceQuality "1"]

1. d4 d5 2. c4 c6 3. Nf3 Nf6 4. e3 Bf5 5. Nc3 e6 6. Nh4 Bg6 7. Qb3 Qc7 8. Nxg6 hxg6 9. Bd2 Nbd7 10. h3 Nb6 11. cxd5 exd5 12. Bd3 Bd6 13. Rc1 Qe7 14. a4 Bb4 15. Nb1 a5 16. Bc3 Ne4 17. Nd2 f5 18. Ke2 0-0 19. g3 Rae8 20. Bxe4 fxe4 21. Rh2 Rf6 22. Bxb4 axb4 23. Qc2 Ra8 24. Ra1 Raf8 25. a5 Qf7 26. Rf1 Nc4 27. b3 Nxd2 28. Qxd2 Qe7 29. Ra1 Rf3 30. Ke1 Qf6 31. Qe2 c5 32. Rd1 c4 33. bxc4 dxc4 34. Qxc4+ Kh7 35. Rd2 Qd6 36. Rb2 R8f7 37. Qxb4 Qc6 38. Qd2 Qa4 39. Rc2 R7f5 40. h4 Rxa5 41. Kf1 Qb5+ 42. Kg2 Ra3 43. Rc5 Qd3 44. Rc2 Qb5 45. Rh1 Qd5 46. Rb1 Rd3 47. Qe2 Qd7 48. Rd2 Rc3 49. Qb5 Qd6 50. Qe5 Qxe5 51. dxe5 Rc5 52. Rxb7 Rxe5 53. Rdd7 Ref5 54. Rxg7+ Kh8 55. Rxg6 Rxf2+ 56. Kh3 R5f3 57. Re6 1-0

[Event "Lille Luce op 3rd"]
[Site "Lille"]
[Date "2012.04.26"]
[Round "5"]
[White "Manet, Anthony"]
[Black "Nouali, Djouher"]
[Result "1-0"]
[WhiteElo "1895"]
[BlackElo "1741"]
[PlyCount "25"]
[EventDate "2012.04.23"]
[EventType "swiss"]
[EventRounds "8"]
[EventCountry "FRA"]
[SourceTitle "CBM 148 Extra"]
[Source "ChessBase"]
[SourceDate "2012.06.22"]
[SourceVersion "1"]
[SourceVersionDate "2012.06.22"]
[SourceQuality "1"]

1. e4 d5 2. exd5 Nf6 3. Nc3 Nxd5 4. Bc4 Be6 5. Qf3 c6 6. Nge2 Nc7 7. Bxe6 Nxe6 8. b3 Nd7 9. Bb2 g6 10. h4 Bg7 11. 0-0-0 Ne5 12. Qh3 Qd7 13. f4 1-0